00818 2200265 4500001002100000005001700021020002200038035002400060040001200084082001900096084001900115090001900134100002500153245015800178250001100336260003500347300003400382504002700416650003300443700001300476850001200489990001700501990001700518990001700535YOGYA00000000010520720141119113007.0 a978-602-9193-27-5 0010-041400000000179 aYOPDYOG 2[22]a899.2213 a899.2213 Too S a899.2213 Too S aTOOLEY, James, 1959- aSekolah untuk kaum miskinb: Pelajaran menakjubkan dari masyarakat paling miskin di duniac/ James Tooley ; penerjemah, Adi Toha ; editor, Indi Aunullah. aCet. 1 aJakartabPustaka Alvabetc2013 aix, 488 hlm.c20 cm. (3 eks.) aBiblioografi : 465-474 aFiksi Indonesia - Terjemahan aAdi Toha aYOPDYOG a6868/PD.2014 a6869/PD.2014 a6870/PD.2014